| 000 -ლიდერი |
| ფიქსირებული სიგრძის საკონტროლო ველი |
00765nam a22001697a 4500 |
| 003 - საკონტროლო ნომრის იდენტიფიკატორი |
| საკონტროლო ველი |
Ge_BSU |
| 005 - ბოლო ოპერაციის თარიღი და დრო |
| საკონტროლო ველი |
20240222173140.0 |
| 008 - ფიქსირებული სიგრძის მონაცემთა ელემენტები - ზოგადი ინფორმაცია |
| ფიქსირებული სიგრძის საკონტროლო ველი |
240222s1959 ge ||||| |||| 00| 0 geo d |
| 041 ## - ენის კოდი |
| Language code of text/sound track or separate title |
geo |
| 080 ## - უნივერსალური ათობითი კლასიფიკაციის ინდექსი |
| Universal Decimal Classification number |
821.111(092შექსპირი)+821.111.09 ქ-27 |
| 245 ## - ცნობა სათაურის შესახებ |
| Title |
ქართული შექსპირიანა : |
| Remainder of title |
[სტატიების კრებული] კრ. 1 / |
| Statement of responsibility, etc |
რედ. ნიკო ყაისაშვილი. |
| 264 ## - წარმოების, გამოცემის, დისტრიბუციის და სხვა ცნობები |
| გამოცემის, წარმოების, დისტრიბუციის... ადგილი |
თბილისი : |
| გამოცემის, წარმოების, დისტრიბუციის... თარიღი |
1959. |
| გამოცემის, წარმოების, დისტრიბუციის... სახელწოდება |
ხელოვნება, |
| 300 ## - ფიზიკური აღწერა |
| Extent |
334 გვ.: |
| Other physical details |
ილ.; |
| Dimensions |
21 სმ. |
| 653 ## - INDEX TERM--UNCONTROLLED |
| Uncontrolled term |
ქართული შექსპირიანა |
| 700 ## - ADDED ENTRY--PERSONAL NAME |
| Personal name |
ყაისაშვილი, ნიკო |
| Relator term |
რედაქტორი |
| 9 (RLIN) |
21264 |
| 942 ## - ADDED ENTRY ELEMENTS (KOHA) |
| Source of classification or shelving scheme |
|
| Koha item type |
წიგნი |